|
|
|
|
| LEADER |
00000cam a2200000 4500 |
| 001 |
vtls012270992 |
| 003 |
SK-MaSNL |
| 005 |
20260302004940.0 |
| 008 |
250211s2024 xo o g h 010 jaslo |
| 015 |
|
|
|a SNBA2025/03
|
| 020 |
|
|
|a 9788082303189
|q (brožované)
|
| 040 |
|
|
|a SNK
|b slo
|c SNK
|e rda
|
| 041 |
0 |
|
|a slo
|
| 044 |
|
|
|a xo
|c SK
|
| 072 |
|
7 |
|a 821.162.4-3
|x Slovenská próza
|2 konspekt
|
| 072 |
|
7 |
|a 929
|x Biografie
|2 konspekt
|
| 080 |
|
|
|a 821.162.4-32
|2 2011
|
| 080 |
|
|
|a (0:82-322.6)
|2 2011
|
| 100 |
1 |
|
|a Jurášek, Matej
|4 aut
|9 645707
|
| 245 |
1 |
0 |
|a Hnev
|b prečo som sa bil, hajloval a čo ma zmenilo
|c Matej "Rarach" Jurášek, Michal Červený
|
| 250 |
|
|
|a Vydanie prvé
|
| 264 |
|
1 |
|a Bratislava
|b N Press, s.r.o.
|c 2024
|
| 300 |
|
|
|a 178 strán
|b fotografie
|c 19 cm
|
| 336 |
|
|
|a text
|b txt
|2 rdacontent
|
| 337 |
|
|
|a bez média
|b n
|2 rdamedia
|
| 338 |
|
|
|a zväzok
|b nc
|2 rdacarrier
|
| 500 |
|
|
|a Obsahuje biografické údaje o autorovi
|
| 600 |
1 |
7 |
|a Jurášek, Matej
|2 SNKMA
|9 645707
|
| 655 |
|
7 |
|a slovenské príbehy
|2 SNKPH
|9 70494
|
| 655 |
|
7 |
|a autobiografické príbehy
|2 SNKPH
|9 70622
|
| 655 |
|
7 |
|a Slovak stories
|2 SNKPHeng
|9 277112
|
| 655 |
|
7 |
|a Autobiographical stories
|2 SNKPHeng
|9 302869
|
| 700 |
1 |
|
|a Červený, Michal,
|d 1990-
|4 oth
|9 181387
|
| 852 |
|
|
|a Slovenská národná knižnica
|
| 919 |
|
|
|a 978-80-8230-318-9
|
| 954 |
|
|
|a beletria pôvodná (slovenská)
|2 lita
|
| 958 |
|
|
|a LX
|
| 958 |
|
|
|a BX
|
| 999 |
|
|
|c 997761
|d 999691
|
| 952 |
|
|
|a SNK
|b SNK
|y PREZ
|7 0
|p 17A1564466
|o snkSD 93073
|i snk2025/2339
|8 0
|0 0
|1 0
|4 0
|d 2025-02-11
|l 0
|r 2026-02-24 12:08:59
|w 2026-02-24
|
| 952 |
|
|
|a SNK
|b SNK
|y VYP
|7 0
|p 17A1564467
|o snkSD 93073 D1
|i snk2025/2340
|8 0
|0 0
|1 0
|4 0
|d 2025-02-11
|l 0
|r 2026-02-24 12:08:59
|w 2026-02-24
|